[Event "Sant Boi de Llobregat op 21st"]
[Site "Sant Boi de Llobregat"]
[Date "2009.04.24"]
[Round "1.6"]
[White "Martinez Medina, Joan Antoni"]
[Black "Chalmeta Ugas, Ramon"]
[Result "0-1"]
[WhiteElo "1750"]
[BlackElo "2211"]
[PlyCount "36"]
[EventDate "2009.04.24"]
[EventType "swiss"]
[EventRounds "8"]
[EventCountry "ESP"]
[SourceTitle "EXT 2024"]
[Source "ChessBase"]
[SourceDate "2023.10.10"]
[SourceVersion "1"]
[SourceVersionDate "2023.10.10"]
[SourceQuality "1"]

1. e4 c5 2. Nf3 d6 3. d4 cxd4 4. Nxd4 Nf6 5. Nc3 g6 6. f3 Bg7 7. Be3 0-0 8. Bc4 Nc6 9. Qd2 Nd7 10. 0-0-0 Nb6 11. Nxc6 bxc6 12. Bb3 a5 13. a3 a4 14. Bxb6 Qxb6 15. Ba2 Rb8 16. b3 axb3 17. Bxb3 Be6 18. Na4 Qb7 0-1